| 000 | 00437nam a2200193Ia 4500 | ||
|---|---|---|---|
| 999 |
_c30549 _d30549 |
||
| 003 | 0100 | ||
| 005 | 20180129151446.0 | ||
| 008 | 130303s9999 xx 000 0 und d | ||
| 040 | _cARRUPELIB | ||
| 050 | _aDT613.75.C32 1974 | ||
| 100 |
_aCabral, Amilcar _939034 |
||
| 245 |
_aReturn to the source: _bselected speeches / |
||
| 260 |
_aNew York _bMonthly Review Press _c1974 |
||
| 300 | _a110p. | ||
| 300 | _b 23 cm | ||
| 650 |
_aGuinea-Bissau _xPolitics and government _939037 |
||
| 650 |
_aNationalism _zGuinea-Bissau _939036 |
||
| 650 |
_aGuerrillas _zGuinea-Bissau _939038 |
||
| 942 | 0 | 0 |
_01 _2lcc _cMONOGRAPH |